Davidson's Principles and practice of Medicine (Record no. 24770)

MARC details
000 -LEADER
fixed length control field 00331nam a22001457a 4500
003 - CONTROL NUMBER IDENTIFIER
control field SGT
020 ## - INTERNATIONAL STANDARD BOOK NUMBER
International Standard Book Number 9780702083488
082 ## - DEWEY DECIMAL CLASSIFICATION NUMBER
Classification number 610
Item number D23P
100 ## - MAIN ENTRY--PERSONAL NAME
Personal name Penman D.
245 ## - TITLE STATEMENT
Title Davidson's Principles and practice of Medicine
260 ## - PUBLICATION, DISTRIBUTION, ETC. (IMPRINT)
Place of publication, distribution, etc Netherlands
Name of publisher, distributor, etc Elsevier
Year of Publication 2023
300 ## - PAGE DESCRIPTION
No. of Pages 1360
650 ## - SUBJECT ADDED ENTRY--TOPICAL TERM
Topical term or geographic name as entry element Medicine
942 ## - ADDED ENTRY ELEMENTS (KOHA)
Source of classification or shelving scheme Dewey Decimal Classification
Koha item type Books
Holdings
Withdrawn status Lost status Source of classification or shelving scheme Damaged status Use restrictions Not for loan Home library Current library Shelving location Date acquired Vendor Name Cost, normal purchase price SGTU Bill Number Total Checkouts Full call number Accession No. (Barcode) Date last seen Bill Date Koha item type
    Dewey Decimal Classification   Restricted Access Not For Loan SGT Dental Library SGT Dental Library Reference Book 17/08/2023 Ahuja Book Co. Pvt. Ltd. 31125.00 SGTU 16974   610 D23P FD9049 17/08/2023   Books
    Dewey Decimal Classification   Restricted Access Not For Loan SGT Dental Library SGT Dental Library Reference Book 17/08/2023 Ahuja Book Co. Pvt. Ltd. 31125.00 SGTU 16974   610 D23P FD9050 17/08/2023   Books